AH International Schools' Libraries

50 Science Things to Make and Do / (Record no. 48749)

MARC details
000 -LEADER
fixed length control field 00510nam a2200145 4500
020 ## - INTERNATIONAL STANDARD BOOK NUMBER
International Standard Book Number 9780746098240
100 ## - MAIN ENTRY--PERSONAL NAME
Personal name Andrews, Georgina,
Relator term author.
9 (RLIN) 86194
245 ## - TITLE STATEMENT
Title 50 Science Things to Make and Do /
Statement of responsibility, etc written by Georgina Andrews and Kate Knighton.
260 ## - PUBLICATION, DISTRIBUTION, ETC. (IMPRINT)
Place of publication, distribution, etc London, England :
Name of publisher, distributor, etc Usborne Publishing Ltd. :
Date of publication, distribution, etc 2008.
300 ## - PHYSICAL DESCRIPTION
Extent 104 pages.
Dimensions 5.91 x 0.94 x 7.09 inches.
490 ## - SERIES STATEMENT
Series statement Things to make & do
650 ## - SUBJECT ADDED ENTRY--TOPICAL TERM
9 (RLIN) 54320
Topical term or geographic name as entry element Science
General subdivision Experiments.
650 ## - SUBJECT ADDED ENTRY--TOPICAL TERM
9 (RLIN) 37522
Topical term or geographic name as entry element Science
General subdivision Activities.
942 ## - ADDED ENTRY ELEMENTS (KOHA)
Source of classification or shelving scheme
Koha item type Book
Holdings
Withdrawn status Lost status Source of classification or shelving scheme Damaged status Not for loan Home library Current library Date acquired Total Checkouts Full call number Barcode Date last seen Date checked out Price effective from Koha item type
          Logos International School Logos International School 03/31/2025 4 J 507.8 AND 040582 04/22/2026 04/10/2026 03/31/2025 Book

For any Logos Library related questions please contact Miss Art at swongnarasuk@asianhope.org.

For any Asian Hope Library related questions please contact Miss Raza at graza@asianhope.org.

Click here to explore our ebooks!

Powered by Koha